Full House Quiz :) - Statistics

General Stats
  • This quiz has been taken 51 times
  • The average score is 20 of 29
Answer Stats
Question Answer % Correct
oldest of danny's girls dj
97%
Uncle jesse
97%
middle steph
97%
Dad danny
94%
Best Friend joey
94%
youngest michelle
94%
How old was Steph when her mom died 5
91%
who is DJ's best friend kimmy
91%
Uncle's Wife becky
88%
dog comet
85%
How many episodes were actually filmed in San Fransico 1
82%
who is one of DJ's boyfriends steve
82%
what is steph's phrase how rude
79%
Uncle's Kids nicky and alex
79%
and another nelson
74%
#2 you got it dude
74%
who becomes stephaine's friend later in the show gia
71%
Mom (dead) pam
71%
who is the another viper
68%
what is joeys phrase cut it out
65%
what show do danny and becky host Wake Up San Francisco
65%
what is steve known for eating
62%
what is Danny's middle name ernest
53%
Dj's oh my lanta
53%
what is the name of the last episode michelle rides again
50%
who does stephaine get "married" to in the show harry
35%
#3 no way jose
32%
michelle's phrase #1 nuts
12%
When do steve and dj first tell the other they love them doing homework
9%
No matching quizzes found
Score Distribution
Percent of People with Each Score
Percentile by Number Answered
Your Score History
You have not taken this quiz